Normal view
MARC view
- MILLER, R. K, THUMANN, ALBERT
Entry Personal Name
001 - CONTROL NUMBER
- control field: 66301
003 - CONTROL NUMBER IDENTIFIER
- control field: NUST
005 - DATE AND TIME OF LATEST TRANSACTION
- control field: 20210628203552.0
008 - FIXED-LENGTH DATA ELEMENTS
- fixed length control field: 210628|| aca||aabn | a|a d
040 ## - CATALOGING SOURCE
- Original cataloging agency: NUST
- Transcribing agency: NUST
100 ## - HEADING--PERSONAL NAME
- Personal name: MILLER, R. K, THUMANN, ALBERT
670 ## - SOURCE DATA FOUND
- Source citation: Work cat.: (NUST): MILLER, R. K, THUMANN, ALBERT, FUNDAMENTALS OF NOISE CONTROL ENGINEERING, 1986
